00717nam a2200181Ia 4500003000900000008004100009040001600050080001500066110005200081245018700133260005400320300000900374650002000383650001900403942000700422999001500429952009100444IN-BaIIA211028s9999 xx 000 0 eng d cIIA Library a551.5bORG aOrganisation Meteorologique International92488 0aValue of some physical functions and constants used in meteorology definitions and specifications of water vapour in thecOrganisation Meteorologique International  aWashingtonbLavsanne Imprimerie La Concordec1951 a92p. aAtmosphere9458 aNASA Thesaurus cBK c1188d1188 00104070aBANbKODcGENd0000-00-00l0o551.5/ ORGp1253r2021-11-05w0000-00-00yBK